Communities near and far / (Record no. 14628)
[ view plain ]
| 000 -LEADER | |
|---|---|
| fixed length control field | 00719nam a22002292 4500 |
| 001 - CONTROL NUMBER | |
| control field | 0000011824 |
| 005 - DATE AND TIME OF LATEST TRANSACTION | |
| control field | 20151217160125.0 |
| 008 - FIXED-LENGTH DATA ELEMENTS--GENERAL INFORMATION | |
| fixed length control field | 090112s xx 000 0 eng d |
| 020 ## - INTERNATIONAL STANDARD BOOK NUMBER | |
| International Standard Book Number | 0673430537 : |
| 040 ## - CATALOGING SOURCE | |
| Original cataloging agency | KABU |
| Transcribing agency | KABU |
| 100 1# - MAIN ENTRY--PERSONAL NAME | |
| Personal name | Kracht, James B. |
| -- | 0000167841 |
| 245 10 - TITLE STATEMENT | |
| Title | Communities near and far / |
| Statement of responsibility, etc. | James B. Kracht, Leslie Wheeler. |
| 250 ## - EDITION STATEMENT | |
| Edition statement | 1st ed. |
| 260 ## - PUBLICATION, DISTRIBUTION, ETC. (IMPRINT) | |
| Place of publication, distribution, etc. | Glenview, IL. : |
| Name of publisher, distributor, etc. | Scott, Foresman, |
| Date of publication, distribution, etc. | 1988. |
| 300 ## - PHYSICAL DESCRIPTION | |
| Extent | xii, 324 p. |
| 650 #0 - SUBJECT ADDED ENTRY--TOPICAL TERM | |
| Topical term or geographic name as entry element | Community life. |
| -- | 0000167842 |
| 650 #0 - SUBJECT ADDED ENTRY--TOPICAL TERM | |
| Topical term or geographic name as entry element | Human settlement |
| General subdivision | Juvenile literature. |
| -- | 0000167843 |
| 700 1# - ADDED ENTRY--PERSONAL NAME | |
| Personal name | Wheeler, Leslie. |
| -- | 0000167844 |
| 852 1# - LOCATION | |
| -- | p500 KES |
| 908 ## - PUT COMMAND PARAMETER (RLIN) | |
| Put command parameter | 090112 |
| 950 ## - LOCAL HOLDINGS (RLIN) | |
| -- | 1 |
| Withdrawn status | Lost status | Source of classification or shelving scheme | Not for loan | Home library | Current library | Date acquired | Total Checkouts | Full call number | Barcode | Date last seen | Price effective from | Koha item type |
|---|---|---|---|---|---|---|---|---|---|---|---|---|
| Library of Congress Classification | Kabarak, Main Campus | Kabarak, Main Campus | 17/12/2015 | HT65 .K73 1988 c. 1 | 16039 | 17/12/2015 | 17/12/2015 | Children Collection |